Transformationen und Bestand
| Titel: | Transformationen und Bestand : Erschließung und inhaltliche Potentiale des Bestandes der Papierfabriken Kübler & Niethammer mit dem Nachlass der Unternehmerfamilie im Sächsischen Wirtschaftsarchiv e.V., Leipzig |
|---|---|
| Verfasser: | |
| In: |
Archiv und Wirtschaft, Band 44, Heft 3 (2011), Seite 109-116 alle Artikel anzeigen |
| Veröffentlicht: | 2011 |
| Format: | Aufsatz |
X
alg: 44201441 001A $03036:30-01-19 001B $01999:30-01-19 $t23:08:48.000 001D $03036:30-01-19 001U $0utf8 001X $00 002@ $0Aox 003@ $0442014414 007A $0442014414 $aHEB 007T $0ArchMa19139 011@ $a2011 021A $aTransformationen und Bestand $dErschließung und inhaltliche Potentiale des Bestandes der Papierfabriken Kübler & Niethammer mit dem Nachlass der Unternehmerfamilie im Sächsischen Wirtschaftsarchiv e.V., Leipzig 028A $aSteinberg $dSwen 031A $d44 $e3 $h109-116 $j2011 039B $aIn $8--Abvc--. Archiv und Wirtschaft. - Dortmund : VdW, 1967-. - ISSN 0342-6270 $x201100000440003891 $9047776765 045T $a8 lok: 44201441 105 exp: 44201441 105 1 #EPN 201B/01 $024-02-25 $t11:47:50.000 201C/01 $030-01-19 201U/01 $0utf8 203@/01 $01042394210 208@/01 $a13-12-18 $be 209A/01 $a/ $f106 $x00 245Z/01 $a2.08.01. $bArchivwissenschaft und Archivtheorie / Erschließung $x01 245Z/01 $a2.15.04. $bArchivwissenschaft und Archivtheorie / Archivbereiche / Wirtschaftsarchive $x02 247C/01 $8->Marburg, Bibliographie zum Archivwesen der Archivschule Marburg $939588196X
| LEADER | 00000caa a22000002c 4500 | ||
|---|---|---|---|
| 001 | 442014414 | ||
| 003 | DE-603 | ||
| 005 | 20190130230848.0 | ||
| 007 | tu | ||
| 008 | 190130s2011 xx |||| | u00||u|und c | ||
| 035 | |a (DE-599)HEB442014414 | ||
| 040 | |a DE-603 |b ger |c DE-603 |d DE-603 | ||
| 084 | |a 8 |2 ssgn | ||
| 100 | 1 | |a Steinberg, Swen | |
| 245 | 0 | 0 | |a Transformationen und Bestand |b Erschließung und inhaltliche Potentiale des Bestandes der Papierfabriken Kübler & Niethammer mit dem Nachlass der Unternehmerfamilie im Sächsischen Wirtschaftsarchiv e.V., Leipzig |
| 264 | 0 | |c 2011 | |
| 773 | 0 | 8 | |i In |t Archiv und Wirtschaft |d Dortmund : VdW, 1967- |h 24 cm |x 0342-6270 |g Band 44, Heft 3 (2011), Seite 109-116 |w (DE-603)047776765 |w (DE-600)528076-X |
| 924 | 0 | |9 - |a (DE-603)1042394210 |b DE- |c HES |d d |g / | |